| 000 | 00577nam a2200217Ia 4500 | ||
|---|---|---|---|
| 005 | 20260429112005.0 | ||
| 008 | 260429s9999||||xx |||||||||||||| ||und|| | ||
| 020 | _a9781787153080 | ||
| 041 | _aEnglish | ||
| 082 |
_a551 _bPAN |
||
| 100 | _aPanek, Jiri | ||
| 245 | 0 |
_aGeoscience and remote sensing / _cJiri Panek |
|
| 260 |
_aUnited Kingdom : _bKruger Brentt Publishers, _c2025. |
||
| 300 | _axiii, 433 p.; hb | ||
| 650 | _a Geology | ||
| 650 | _a Remote sensing | ||
| 650 | _aEarth science | ||
| 700 | _a Henrik, Hargitai | ||
| 700 | _a Mors, Agustin | ||
| 942 | _cTB | ||
| 999 |
_c51775 _d51775 |
||